مكتبة جامعة عجلون الوطنية

فهرس بحث المكتبة

أخبار الثورة العربية الكبرى في الصحافة المصرية 1916-1918م (Record no. 30339)

MARC details
000 -LEADER
fixed length control field 01050nam a2200217Ii 4500
003 - CONTROL NUMBER IDENTIFIER
control field JO-AjNU
008 - FIXED-LENGTH DATA ELEMENTS--GENERAL INFORMATION
fixed length control field 230605s9999||||xx |||||||||||||| ||und||
017 ## - COPYRIGHT OR LEGAL DEPOSIT NUMBER
Copyright or legal deposit number 2018/5/2326
040 ## - CATALOGING SOURCE
Original cataloging agency JO-AjNU
Language of cataloging ara
Description conventions rda
Transcribing agency JO-AjNU
041 ## - LANGUAGE CODE
Language code of text/sound track or separate title ara
050 14 - LIBRARY OF CONGRESS CALL NUMBER
Classification number DS39.A218.2018
100 3# - MAIN ENTRY--PERSONAL NAME
Personal name جمع وتحقيق ودراسة محمود، ايمن احمد؛ شراف محمد عدنان البخيت، هند غسان ابو الشعر,
Relator term author
9 (RLIN) 59485
245 00 - TITLE STATEMENT
Title أخبار الثورة العربية الكبرى في الصحافة المصرية 1916-1918م
264 31 - PRODUCTION, PUBLICATION, DISTRIBUTION, MANUFACTURE, AND COPYRIGHT NOTICE
Place of production, publication, distribution, manufacture عمان، مركز الوثائق والمخطوطات ودراسات بلاد الشام، 2018
300 ## - PHYSICAL DESCRIPTION
Extent 576ص
Other physical details يحتوي على كشافات الاماكن من ص562-576
336 ## - CONTENT TYPE
Content type term text
Content type code txt
Source rdacontent
337 ## - MEDIA TYPE
Media type term unmediated
Media type code n
Source rdamedia
338 ## - CARRIER TYPE
Carrier type term volume
Carrier type code nc
Source rdacarrier
490 0# - SERIES STATEMENT
Series statement مصادر تاريخ الثورة العربية الكبرى1
650 #4 - SUBJECT ADDED ENTRY--TOPICAL TERM
Topical term or geographic name entry element الثورة العربية الكبرى-تاريخ-الصحافة المصرية
9 (RLIN) 59486
Holdings
Withdrawn status Lost status Source of classification or shelving scheme Damaged status Not for loan Home library Current library Shelving location Date acquired Total Checkouts Full call number Barcode Date last seen Price effective from Koha item type
    Library of Congress Classification     مكتبة جامعة عجلون الوطنية مكتبة جامعة عجلون الوطنية المراجع 06/06/2023   DS39.A218.2018 A26771 06/06/2023 06/06/2023 Reference